Cidades de Portugal com imagens - Statistics

Estatísticas Gerais
  • Esse quiz foi jogado 77 vezes
  • A pontuação média é 11 de 16
Estatísticas das Respostas
Imagem Resposta % Correto
Lisboa
100%
Porto
100%
Braga
91%
Aveiro
89%
Coimbra
83%
Faro
79%
Sintra
79%
Guimarães
71%
Évora
68%
Nazaré
64%
Funchal
59%
Setúbal
55%
Leiria
52%
Viseu
44%
Óbidos
24%
Tomar
23%
Nenhum quiz correspondente encontrado
Distribuição das Pontuações
Porcentagem de Pessoas com Cada Pontuação
Percentil de Números Respondidos
Sua Pontuação Histórica
Você não jogou esse quiz